00925nam a22002657a 45000010005000000030006000050050017000110080041000280200018000690400029000870500015001160820016001311000018001472450084001652500044002492600037002933000051003305050008003815200126003895210021005155210020005366500042005566500031005987000030006296147FISKH20250320094018.0250320b cb ||||| |||| 00| 0 eng d a9780545722803 aFISKHbengcFISKHdFISKH aE185 .N427 a973.0496073 aNelson, Kadir aHeart and soul :bThe story of America and African Americans /cBy Kadir Nelson aFirst Scholastic printing, January 2014 aNew York : bScholastic ;c2011. a112 pages : bcolor illustrations ; c26 cm .  aZ  aAn simple introduction to African-American history, from Revolutionary-era slavery up to the election of President Obama.8 a1050 bLexile 8 aZ bRaz-Plus  aAfrican American historyvNon-fiction aBlack historyvNon-fiction aRago, MarthaeTypographer